[Event "Peterhof op"]
[Site "Peterhof"]
[Date "2008.08.09"]
[Round "8"]
[White "Sorokina, Anastasia"]
[Black "Dimitrov, Dejan"]
[Result "1/2-1/2"]
[WhiteElo "2194"]
[BlackElo "2068"]
[PlyCount "62"]
[EventDate "2008.08.02"]
[EventType "swiss"]
[EventRounds "9"]
[EventCountry "RUS"]
[SourceTitle "CBM 125 Extra"]
[Source "ChessBase"]
[SourceDate "2008.09.01"]
[SourceVersion "1"]
[SourceVersionDate "2008.09.01"]
[SourceQuality "1"]

1. d4 d6 2. c4 Nf6 3. Nc3 Bf5 4. f3 e5 5. e4 exd4 6. Qxd4 Nc6 7. Qf2 Be6 8. Nd5 Nd7 9. Ne2 Nce5 10. Ng3 Nc5 11. Qd4 h5 12. h4 Bxd5 13. cxd5 Be7 14. Nf5 Bf6 15. Bg5 Bxg5 16. hxg5 Qxg5 17. b4 Ncd7 18. Qf2 Qf6 19. Rc1 g6 20. Nd4 0-0 21. Be2 c5 22. dxc6 Nxc6 23. Nxc6 bxc6 24. 0-0 Qb2 25. Rxc6 Qxb4 26. Rd1 Nb6 27. Rcxd6 Rac8 28. Bf1 Qc5 29. R6d4 Qc2 30. R4d2 Qc5 31. Rd4 Qc2 1/2-1/2

[Event "St Petersburg-ch (Women)"]
[Site "St Petersburg"]
[Date "2008.05.20"]
[Round "9"]
[White "Sorokina, Anastasia"]
[Black "Gromova, Iulia"]
[Result "1-0"]
[WhiteElo "2194"]
[BlackElo "2232"]
[PlyCount "149"]
[EventDate "2008.05.12"]
[EventType "tourn"]
[EventRounds "9"]
[EventCountry "RUS"]
[SourceTitle "CBM 124 Extra"]
[Source "ChessBase"]
[SourceDate "2008.07.03"]
[SourceVersion "1"]
[SourceVersionDate "2008.07.03"]
[SourceQuality "1"]

1. d4 Nf6 2. c4 g6 3. Nc3 Bg7 4. e4 d6 5. Nf3 0-0 6. Be2 e5 7. 0-0 Nc6 8. dxe5 Nxe5 9. Nd4 c6 10. f4 Ned7 11. Nb3 Re8 12. Bf3 Qb6+ 13. Kh1 Qc7 14. Be3 a5 15. Nc1 Nf8 16. Qd3 Bg4 17. Rd1 Bxf3 18. gxf3 Qd7 19. N1e2 Nh5 20. Kg2 Qe6 21. Ng3 Nxg3 22. hxg3 a4 23. Rac1 a3 24. b3 Rad8 25. Bb6 Rd7 26. Bd4 Bxd4 27. Qxd4 Qe7 28. Rc2 Ne6 29. Qe3 Nc5 30. Qc1 Ra8 31. Re2 f6 32. b4 Ne6 33. f5 Nf8 34. fxg6 Nxg6 35. Re3 Kh8 36. Ne2 Ra4 37. Qc3 Qe5 38. Qb3 Ra8 39. c5 Rad8 40. Qxa3 dxc5 41. Rxd7 Rxd7 42. bxc5 Ne7 43. Qc1 Ng8 44. Nf4 Rd8 45. Re2 Qd4 46. Ne6 Qd3 47. Qc2 Qxc2 48. Rxc2 Re8 49. Nd4 Nh6 50. Kf2 Kg7 51. Rb2 Re7 52. g4 Rd7 53. Ke3 Kg6 54. a4 Nf7 55. Ne6 Re7 56. f4 h6 57. a5 Kh7 58. Nd4 Nd8 59. Nf5 Rc7 60. Rh2 Nf7 61. Rd2 Kg6 62. Ng3 Kg7 63. Nh5+ Kg6 64. Rd4 Re7 65. Kf3 Rc7 66. Kg3 Re7 67. Kh4 Nh8 68. Rd8 Kh7 69. Nxf6+ Kg7 70. Nh5+ Kh7 71. e5 Ng6+ 72. Kg3 Rf7 73. e6 Re7 74. Rd7 Kg8 75. f5 1-0

[Event "St Petersburg-ch (Women)"]
[Site "St Petersburg"]
[Date "2008.05.18"]
[Round "7"]
[White "Sorokina, Anastasia"]
[Black "Solovjova, Valentina"]
[Result "1-0"]
[WhiteElo "2194"]
[BlackElo "2275"]
[PlyCount "243"]
[EventDate "2008.05.12"]
[EventType "tourn"]
[EventRounds "9"]
[EventCountry "RUS"]
[SourceTitle "CBM 124 Extra"]
[Source "ChessBase"]
[SourceDate "2008.07.03"]
[SourceVersion "1"]
[SourceVersionDate "2008.07.03"]
[SourceQuality "1"]

1. d4 d5 2. c4 c6 3. Qc2 Nf6 4. Nf3 e6 5. g3 dxc4 6. Qxc4 b5 7. Qd3 Bb7 8. Bg2 Nbd7 9. 0-0 Be7 10. a4 b4 11. Nfd2 Qc8 12. Nc4 c5 13. dxc5 Bxg2 14. Kxg2 Qc6+ 15. Qf3 Qxf3+ 16. Kxf3 Nxc5 17. Nbd2 0-0 18. Na5 Rac8 19. Ndc4 Nb7 20. Be3 Nxa5 21. Nxa5 Rc2 22. Rfc1 Rfc8 23. Rxc2 Rxc2 24. Bxa7 Rxb2 25. Bd4 Rc2 26. Nb3 e5 27. Bxe5 Nd7 28. Bd4 Bf6 29. a5 Bxd4 30. Nxd4 Rc3+ 31. Kg2 Kf8 32. a6 Nb6 33. Ra5 Ra3 34. Rb5 Rxa6 35. Nc6 Nd7 36. Nxb4 Re6 37. e3 g6 38. Nd3 Rd6 39. Nf4 Nf6 40. Kf3 h5 41. h3 Ra6 42. Ne2 Ra2 43. Nd4 Kg7 44. Rb7 Nh7 45. Kg2 Ng5 46. Rc7 Ne4 47. Rc2 Ra3 48. Nf3 Nc3 49. Ng5 f6 50. Ne6+ Kh6 51. Nf4 g5 52. Ne2 Nd5 53. Rd2 Nb4 54. Rd6 Kg6 55. h4 Nd3 56. hxg5 Kxg5 57. Ng1 Ne1+ 58. Kh2 Ra2 59. Nh3+ Kf5 60. Rd1 Nf3+ 61. Kg2 Ne5 62. Rd4 Ng4 63. Rf4+ Kg6 64. Rf3 Ne5 65. Rf4 Ng4 66. e4 Rb2 67. Rf3 Ne5 68. Rf5 Ng4 69. Nf4+ Kf7 70. Nd5 Re2 71. Rf4 Kg7 72. Kf1 Ra2 73. f3 Ra1+ 74. Ke2 Ra2+ 75. Ke1 Ra1+ 76. Kd2 Ra2+ 77. Kc3 Ne5 78. Kb3 Rf2 79. Nxf6 Kg6 80. Nxh5 Nxf3 81. g4 Kg5 82. Kc3 Rf1 83. e5 Rc1+ 84. Kb2 Nxe5 85. Rf5+ Kxg4 86. Rxe5 Rd1 87. Kc2 Rd6 88. Ng7 Kf4 89. Re8 Kg5 90. Kc3 Kg6 91. Re7 Kf6 92. Rc7 Rd5 93. Ne8+ Ke6 94. Rg7 Rd8 95. Nc7+ Kf6 96. Rh7 Kg6 97. Rh4 Kf5 98. Nb5 Rd1 99. Nd4+ Ke5 100. Nf3+ Kf5 101. Nd2 Re1 102. Rd4 Ke6 103. Nc4 Kf5 104. Kd2 Rh1 105. Ne3+ Ke5 106. Kd3 Rh3 107. Re4+ Kd6 108. Kd4 Rh5 109. Nc4+ Kd7 110. Ne3 Kd6 111. Nc4+ Kd7 112. Nb6+ Kd6 113. Kc4 Rc5+ 114. Kb4 Rc1 115. Rd4+ Ke5 116. Rh4 Kd6 117. Nc4+ Kd5 118. Ne3+ Ke5 119. Rg4 Re1 120. Nc4+ Kd5 121. Rg5+ Kd4 122. Rg4+ 1-0

[Event "St Petersburg-ch (Women)"]
[Site "St Petersburg"]
[Date "2008.05.16"]
[Round "5"]
[White "Sorokina, Anastasia"]
[Black "Sokolova, Vera Evgenyevna"]
[Result "1-0"]
[WhiteElo "2194"]
[BlackElo "2057"]
[PlyCount "63"]
[EventDate "2008.05.12"]
[EventType "tourn"]
[EventRounds "9"]
[EventCountry "RUS"]
[SourceTitle "CBM 124 Extra"]
[Source "ChessBase"]
[SourceDate "2008.07.03"]
[SourceVersion "1"]
[SourceVersionDate "2008.07.03"]
[SourceQuality "1"]

1. d4 e6 2. c4 d5 3. g3 c5 4. cxd5 cxd4 5. Qxd4 Nc6 6. Qd1 exd5 7. Bg2 Nf6 8. Nf3 Bb4+ 9. Bd2 Bc5 10. 0-0 h6 11. Qc1 Qe7 12. Nc3 a6 13. Ne1 Be6 14. Nd3 Ba7 15. Nf4 Rd8 16. e4 dxe4 17. Nxe4 0-0 18. Re1 Bg4 19. h3 Bf5 20. Nxf6+ Qxf6 21. Bc3 Qd6 22. Nh5 Nd4 23. Qd1 g6 24. Nf4 Qc5 25. Rf1 Nc2 26. Nd5 Nxa1 27. Nf6+ Kg7 28. Ne8+ Kh7 29. Qxd8 h5 30. Qf6 Rg8 31. Qxf7+ Kh6 32. Bd2+ 1-0

[Event "St Petersburg-ch (Women)"]
[Site "St Petersburg"]
[Date "2008.05.13"]
[Round "2"]
[White "Egorova, Ekaterina"]
[Black "Sorokina, Anastasia"]
[Result "1-0"]
[WhiteElo "2106"]
[BlackElo "2194"]
[PlyCount "77"]
[EventDate "2008.05.12"]
[EventType "tourn"]
[EventRounds "9"]
[EventCountry "RUS"]
[SourceTitle "CBM 124 Extra"]
[Source "ChessBase"]
[SourceDate "2008.07.03"]
[SourceVersion "1"]
[SourceVersionDate "2008.07.03"]
[SourceQuality "1"]

1. e4 c5 2. Nf3 d6 3. d4 cxd4 4. Nxd4 Nf6 5. Nc3 g6 6. Be3 Bg7 7. Bc4 0-0 8. f3 Nc6 9. a3 Bd7 10. Nce2 Ne5 11. Ba2 Rc8 12. 0-0 a6 13. b3 b5 14. Qd2 d5 15. exd5 Nxd5 16. Bh6 Bxh6 17. Qxh6 Qb6 18. Kh1 a5 19. h3 b4 20. f4 Nc6 21. Nf3 f6 22. Nh4 Ne3 23. Rf3 Nf5 24. Nxf5 Bxf5 25. c3 Be4 26. Bb1 Bxb1 27. Rxb1 bxa3 28. f5 Ne5 29. fxg6 hxg6 30. Nf4 g5 31. Ng6 Nxg6 32. Qxg6+ Kh8 33. h4 a2 34. Rc1 Qxb3 35. hxg5 Rxc3 36. Qh6+ Kg8 37. g6 Rf7 38. gxf7+ Kxf7 39. Qh7+ 1-0

[Event "Petrovskaya Ladya op"]
[Site "Peterhof"]
[Date "2008.01.09"]
[Round "8"]
[White "Sorokina, Anastasia"]
[Black "Shishkin, Vadim"]
[Result "1-0"]
[WhiteElo "2194"]
[BlackElo "2493"]
[PlyCount "103"]
[EventDate "2008.01.03"]
[EventType "swiss"]
[EventRounds "9"]
[EventCountry "RUS"]
[SourceTitle "CBM 122 Extra"]
[Source "ChessBase"]
[SourceDate "2008.03.04"]
[SourceVersion "1"]
[SourceVersionDate "2008.03.04"]
[SourceQuality "1"]

1. d4 d5 2. c4 e6 3. Nf3 Nf6 4. g3 Nbd7 5. Nbd2 Be7 6. Bg2 0-0 7. 0-0 b6 8. Qc2 Bb7 9. b3 Rc8 10. Bb2 c5 11. e3 cxd4 12. exd4 Qc7 13. Rac1 Rfd8 14. Qb1 Qb8 15. Rfe1 Qa8 16. h3 a6 17. g4 Nf8 18. Qd3 Ng6 19. Qe3 dxc4 20. bxc4 b5 21. g5 Nh5 22. Bf1 bxc4 23. Bxc4 Nhf4 24. h4 Bb4 25. Bf1 Bxd2 26. Nxd2 Rxc1 27. Rxc1 Rc8 28. f3 Rxc1 29. Bxc1 Nd5 30. Qf2 Qc8 31. Nb3 Ba8 32. Nc5 a5 33. Bd2 Qc7 34. h5 Ngf4 35. h6 g6 36. Ne4 Nh5 37. Be1 a4 38. Qb2 Ne3 39. Qb5 Bc6 40. Qc5 Nxf1 41. Kxf1 Qb7 42. Qd6 Qa8 43. Qe5 Bxe4 44. fxe4 Qa6+ 45. Kf2 Qc8 46. Qc5 Qb8 47. Kg1 Qd8 48. Qe5 Qa8 49. Bc3 Qa7 50. Kh2 Kf8 51. Qd6+ Kg8 52. Qd8# 1-0

[Event "St Petersburg-ch U18 Girls"]
[Site "St Petersburg"]
[Date "2007.10.12"]
[Round "8"]
[White "Bragina, Anastasia"]
[Black "Sorokina, Anastasia"]
[Result "1/2-1/2"]
[WhiteElo "2047"]
[BlackElo "2194"]
[PlyCount "31"]
[EventDate "2007.10.05"]
[EventType "swiss"]
[EventRounds "9"]
[EventCountry "RUS"]
[SourceTitle "EXT 2009"]
[Source "ChessBase"]
[SourceDate "2008.11.26"]
[SourceVersion "1"]
[SourceVersionDate "2008.11.26"]
[SourceQuality "1"]

1. e4 c5 2. Nf3 d6 3. c3 Nf6 4. Bc4 e6 5. Qe2 Be7 6. Bb3 0-0 7. 0-0 b6 8. Rd1 Ba6 9. d3 Nc6 10. Nbd2 Rc8 11. Nf1 Qd7 12. Bg5 Rfd8 13. Qe1 Ne5 14. Bc2 h6 15. Bh4 Ng6 16. Bg3 1/2-1/2

[Event "St Petersburg-ch U18 Girls"]
[Site "St Petersburg"]
[Date "2007.10.09"]
[Round "5"]
[White "Kluchik, Julia"]
[Black "Sorokina, Anastasia"]
[Result "0-1"]
[WhiteElo "2049"]
[BlackElo "2194"]
[PlyCount "41"]
[EventDate "2007.10.05"]
[EventType "swiss"]
[EventRounds "9"]
[EventCountry "RUS"]
[SourceTitle "EXT 2009"]
[Source "ChessBase"]
[SourceDate "2008.11.26"]
[SourceVersion "1"]
[SourceVersionDate "2008.11.26"]
[SourceQuality "1"]

1. d4 Nf6 2. c4 g6 3. Nc3 Bg7 4. e4 0-0 5. Be3 d6 6. f3 a6 7. Qd2 c5 8. d5 b5 9. cxb5 Qa5 10. b6 Nbd7 11. Bd3 Ne5 12. Nge2 Nfd7 13. 0-0 Rb8 14. Rfb1 Nxd3 15. Qxd3 Rxb6 16. Bg5 Ne5 17. Qc2 Re8 18. a3 Rb8 19. Be3 Qc7 20. b4 cxb4 21. Rxb4 0-1

[Event "St Petersburg-ch U18 Girls"]
[Site "St Petersburg"]
[Date "2007.10.07"]
[Round "3"]
[White "Sorokina, Anastasia"]
[Black "Manina, Ksenia"]
[Result "1/2-1/2"]
[WhiteElo "2194"]
[BlackElo "1995"]
[PlyCount "41"]
[EventDate "2007.10.05"]
[EventType "swiss"]
[EventRounds "9"]
[EventCountry "RUS"]
[SourceTitle "EXT 2009"]
[Source "ChessBase"]
[SourceDate "2008.11.26"]
[SourceVersion "1"]
[SourceVersionDate "2008.11.26"]
[SourceQuality "1"]

1. d4 Nf6 2. Bg5 e6 3. Nd2 h6 4. Bh4 d5 5. Ngf3 Be7 6. e3 0-0 7. Bd3 b6 8. Ne5 c5 9. c3 Nfd7 10. Bxe7 Qxe7 11. Ndf3 Ba6 12. Bb1 Re8 13. Qc2 Nf8 14. g4 Nbd7 15. h4 Nxe5 16. Nxe5 cxd4 17. exd4 f6 18. Nd3 e5 19. dxe5 Bxd3 20. Qxd3 Qxe5+ 21. Kf1 1/2-1/2

[Event "Athens Acropolis op"]
[Site "Athens"]
[Date "2007.08.22"]
[Round "9.35"]
[White "Sorokina, Anastasia"]
[Black "Makropoulou, Marina"]
[Result "1-0"]
[WhiteElo "2208"]
[BlackElo "2266"]
[PlyCount "127"]
[EventDate "2007.08.14"]
[EventType "swiss"]
[EventRounds "9"]
[EventCountry "GRE"]
[SourceTitle "CBM 119 Extra"]
[Source "ChessBase"]
[SourceDate "2007.09.04"]
[SourceVersion "1"]
[SourceVersionDate "2007.09.04"]
[SourceQuality "1"]

1. e4 d5 2. exd5 Qxd5 3. Nc3 Qa5 4. Bc4 Nf6 5. h3 c6 6. Nf3 Nbd7 7. d3 e6 8. Bd2 Qc7 9. Qe2 Be7 10. d4 h6 11. 0-0 Nd5 12. Bxd5 cxd5 13. Nb5 Qb8 14. g3 g5 15. c4 a6 16. Nc3 dxc4 17. Nd5 Bd6 18. Rfe1 Kf8 19. Ne3 b5 20. d5 Nc5 21. Bc3 Rg8 22. Ng4 Nd3 23. Nxh6 Bxg3 24. fxg3 Qxg3+ 25. Qg2 Qxg2+ 26. Kxg2 Rg6 27. Ng4 b4 28. Bd4 exd5 29. Rf1 Nf4+ 30. Kh2 Bxg4 31. hxg4 Rh6+ 32. Kg1 Re8 33. Bc5+ Kg7 34. Nxg5 Ne2+ 35. Kg2 f6 36. Nh3 Reh8 37. Rf2 Rxh3 38. Rxe2 Rh2+ 39. Kf1 Rh1+ 40. Bg1 R8h4 41. Rg2 d4 42. Ke2 Rh8 43. Rd1 d3+ 44. Kd2 Kg6 45. Rc1 Rc8 46. b3 cxb3 47. axb3 Rhh8 48. Bc5 Rhd8 49. Rc4 a5 50. Bb6 Rxc4 51. bxc4 Rb8 52. c5 a4 53. Kxd3 b3 54. Kc3 f5 55. gxf5+ Kxf5 56. Kb4 Ra8 57. Ka3 Ke6 58. Rd2 Ke7 59. c6 b2 60. Bc5+ Ke6 61. Kxb2 Ra5 62. Bb4 Ra8 63. c7 Rc8 64. Ba5 1-0

[Event "Athens Acropolis op"]
[Site "Athens"]
[Date "2007.08.16"]
[Round "3.37"]
[White "Sorokina, Anastasia"]
[Black "Seretakis, Nikolas"]
[Result "0-1"]
[WhiteElo "2208"]
[BlackElo "2233"]
[PlyCount "60"]
[EventDate "2007.08.14"]
[EventType "swiss"]
[EventRounds "9"]
[EventCountry "GRE"]
[SourceTitle "CBM 119 Extra"]
[Source "ChessBase"]
[SourceDate "2007.09.04"]
[SourceVersion "1"]
[SourceVersionDate "2007.09.04"]
[SourceQuality "1"]

1. e4 Nf6 2. Nc3 d5 3. e5 Nfd7 4. d4 c5 5. f4 cxd4 6. Qxd4 e6 7. Bb5 Nc6 8. Qf2 Bc5 9. Qg3 0-0 10. Bxc6 bxc6 11. f5 exf5 12. Bh6 g6 13. Bxf8 Bxf8 14. Nge2 Bg7 15. 0-0 Nxe5 16. Kh1 Ba6 17. Rfe1 Ng4 18. Nf4 Qb6 19. h3 Nf2+ 20. Kh2 Ne4 21. Nxe4 fxe4 22. h4 Be5 23. Qg5 f6 24. Qg3 Qc7 25. Qa3 Bxf4+ 26. g3 Bd6 27. b4 Bc8 28. Rf1 Qd7 29. Rh1 Be5 30. Raf1 Qh3+ 0-1

[Event "Athens Acropolis op"]
[Site "Athens"]
[Date "2007.08.14"]
[Round "1.24"]
[White "Managadze, Nikoloz"]
[Black "Sorokina, Anastasia"]
[Result "1-0"]
[WhiteElo "2433"]
[BlackElo "2208"]
[PlyCount "109"]
[EventDate "2007.08.14"]
[EventType "swiss"]
[EventRounds "9"]
[EventCountry "GRE"]
[SourceTitle "CBM 119 Extra"]
[Source "ChessBase"]
[SourceDate "2007.09.04"]
[SourceVersion "1"]
[SourceVersionDate "2007.09.04"]
[SourceQuality "1"]

1. Nf3 Nf6 2. b3 d6 3. Bb2 e5 4. e3 Be7 5. c4 c6 6. d3 a5 7. c5 Nbd7 8. cxd6 Bxd6 9. Be2 0-0 10. 0-0 Re8 11. Nbd2 b5 12. a4 Qb6 13. Qc2 h6 14. h3 Bb7 15. Rfc1 Bb4 16. d4 e4 17. Ne5 Rad8 18. Nxe4 Nxe4 19. Qxe4 Nxe5 20. dxe5 Rd2 21. Bd3 Rxb2 22. Qh7+ Kf8 23. Qh8+ Ke7 24. Qxg7 c5 25. e6 Qxe6 26. Qxb2 Rg8 27. Bf1 Qd5 28. f3 Bd2 29. Rd1 Bxe3+ 30. Kh1 Bd4 31. Qe2+ Qe6 32. Qxe6+ fxe6 33. Rac1 Bd5 34. Rb1 b4 35. Bc4 Bxc4 36. bxc4 e5 37. g4 Rf8 38. Kg2 Rf4 39. Re1 Bc3 40. Re4 Rxe4 41. fxe4 Kf6 42. Rf1+ Kg6 43. Rf3 Kg7 44. h4 Kg6 45. Kf1 Bd4 46. Ke2 Kg7 47. Kd1 Bg1 48. Kc2 Bd4 49. Rf5 Kg6 50. Rf8 Be3 51. Ra8 b3+ 52. Kxb3 Bd2 53. Ra6+ Kg7 54. Rb6 Be1 55. Rb5 1-0

[Event "Adelaide Checkmate op"]
[Site "Adelaide"]
[Date "2007.07.08"]
[Round "7"]
[White "Ayris, Tony"]
[Black "Sorokina, Anastasia"]
[Result "1-0"]
[WhiteElo "2094"]
[BlackElo "2201"]
[PlyCount "60"]
[EventDate "2007.07.07"]
[EventType "swiss"]
[EventRounds "7"]
[EventCountry "AUS"]
[SourceTitle "EXT 2010"]
[Source "ChessBase"]
[SourceDate "2010.11.25"]
[SourceVersion "1"]
[SourceVersionDate "2010.11.25"]
[SourceQuality "1"]

1. e4 c5 2. Nf3 e6 3. d4 cxd4 4. Nxd4 Nf6 5. Nc3 Nc6 6. Nxc6 bxc6 7. e5 Nd5 8. Ne4 Qb6 9. c4 Bb4+ 10. Bd2 f5 11. exf6 Nxf6 12. Nxf6+ gxf6 13. Qh5+ Kd8 14. 0-0-0 Rb8 15. Qf3 Be7 16. Bc3 e5 17. Bd3 d6 18. Rhe1 Bd7 19. Bf5 Qb7 20. Qd3 Bxf5 21. Qxf5 Qd7 22. Qd3 Kc8 23. f4 Rb7 24. Qe4 Qe8 25. c5 d5 26. Qf5+ Qd7 27. Qxd7+ Rxd7 28. fxe5 fxe5 29. Rxe5 Rg8 30. g3 Bxc5 1-0

[Event "Adelaide Checkmate op"]
[Site "Adelaide"]
[Date "2007.07.08"]
[Round "5"]
[White "Sorokina, Anastasia"]
[Black "Stojic, Svetozar"]
[Result "1-0"]
[WhiteElo "2201"]
[BlackElo "1919"]
[PlyCount "52"]
[EventDate "2007.07.07"]
[EventType "swiss"]
[EventRounds "7"]
[EventCountry "AUS"]
[SourceTitle "EXT 2010"]
[Source "ChessBase"]
[SourceDate "2010.11.25"]
[SourceVersion "1"]
[SourceVersionDate "2010.11.25"]
[SourceQuality "1"]

1. e4 c5 2. Nf3 Nf6 3. Nc3 d5 4. e5 Nfd7 5. Bb5 a6 6. Bxd7+ Nxd7 7. d4 e6 8. a4 Qc7 9. 0-0 Be7 10. Be3 0-0 11. Ne2 cxd4 12. Bxd4 b6 13. Nf4 Bb7 14. Re1 Rfc8 15. c3 Nc5 16. Nd2 Bg5 17. Nh5 Ne4 18. Nxe4 dxe4 19. Qg4 Bh6 20. Be3 f5 21. exf6 Bxe3 22. Rxe3 g6 23. Rh3 Qf7 24. Qg5 Rc5 25. Qg4 Rd8 26. Kf1 Rf5 1-0

[Event "Athens Acropolis op (Women)"]
[Site "Athens"]
[Date "2006.08.18"]
[Round "6"]
[White "Sorokina, Anastasia"]
[Black "Krivec, Jana"]
[Result "0-1"]
[WhiteElo "2221"]
[BlackElo "2316"]
[PlyCount "78"]
[EventDate "2006.08.13"]
[EventType "swiss"]
[EventRounds "9"]
[EventCountry "GRE"]
[SourceTitle "CBM 113 Extra"]
[Source "ChessBase"]
[SourceDate "2006.09.14"]
[SourceVersion "1"]
[SourceVersionDate "2006.09.14"]
[SourceQuality "1"]

1. e4 e5 2. Nf3 Nc6 3. Bb5 a6 4. Ba4 Nf6 5. d3 d6 6. Nbd2 g6 7. Nf1 Bd7 8. c3 Nh5 9. Ne3 Nf4 10. g3 Nh3 11. d4 b5 12. Bb3 Bg7 13. Bd5 0-0 14. Kf1 Rb8 15. Kg2 Ne7 16. Bb3 c5 17. Re1 Kh8 18. dxc5 dxc5 19. Nd5 c4 20. Bc2 Nxd5 21. Qxd5 Qe7 22. Qd2 Bg4 23. Qe3 Qf6 24. Ng1 Bh6 25. f4 exf4 26. Qd4 Qxd4 27. cxd4 Nxg1 28. Kxg1 Bg7 29. e5 fxg3 30. hxg3 Rbd8 31. Be3 f6 32. Bf2 fxe5 33. Bd1 Bxd1 34. Raxd1 exd4 35. Re6 d3 36. Rd2 b4 37. Rc6 c3 38. bxc3 bxc3 39. Rd1 c2 0-1

[Event "St Petersburg White Nights op"]
[Site "St Petersburg"]
[Date "2005.06.19"]
[Round "2"]
[White "Sorokina, Anastasia"]
[Black "Gratsianov, Igor"]
[Result "1/2-1/2"]
[WhiteElo "2117"]
[BlackElo "1906"]
[PlyCount "87"]
[EventDate "2005.06.18"]
[EventType "swiss"]
[EventRounds "9"]
[EventCountry "RUS"]
[SourceTitle "CBM 106 Extra"]
[Source "ChessBase"]
[SourceDate "2005.07.01"]
[SourceVersion "1"]
[SourceVersionDate "2005.07.01"]
[SourceQuality "1"]

1. d4 d5 2. c4 e6 3. Nc3 c6 4. Nf3 dxc4 5. a4 Bb4 6. e3 b5 7. Ne5 Nf6 8. axb5 cxb5 9. Qf3 Qd5 10. Qd1 Nbd7 11. Nxd7 Bxd7 12. Be2 Qb7 13. 0-0 Bxc3 14. bxc3 Bc6 15. f3 0-0 16. e4 Rfd8 17. g4 Qc7 18. Qe1 a5 19. Ba3 Be8 20. Rb1 Nd7 21. Rxb5 Rdb8 22. Rxb8 Rxb8 23. Qc1 Nb6 24. Kg2 Na4 25. Bd1 Rb7 26. Bc2 Nxc3 27. Qd2 Na2 28. Bb1 Nb4 29. Rc1 Ba4 30. Qc3 Bb3 31. Bb2 f6 32. Ba3 Qb8 33. d5 exd5 34. exd5 Nxd5 35. Qxa5 Nf4+ 36. Kh1 Rd7 37. Bxh7+ Kh8 38. Be4 Qd8 39. Qe1 Rd1 40. Rxd1 Qxd1 41. Qxd1 Bxd1 42. Kg1 c3 43. Kf2 g5 44. Ke1 1/2-1/2

[Event "Athens Acropolis op (Women)"]
[Site "Athens"]
[Date "2005.03.12"]
[Round "7"]
[White "Sorokina, Anastasia"]
[Black "Houska, Jovanka"]
[Result "1/2-1/2"]
[WhiteElo "2223"]
[BlackElo "2325"]
[PlyCount "107"]
[EventDate "2005.03.06"]
[EventType "swiss"]
[EventRounds "9"]
[EventCountry "GRE"]
[SourceTitle "CBM 105 Extra"]
[Source "ChessBase"]
[SourceDate "2005.05.01"]
[SourceVersion "1"]
[SourceVersionDate "2005.05.01"]
[SourceQuality "1"]

1. e4 c6 2. d4 d5 3. e5 Bf5 4. c3 e6 5. Be3 Nd7 6. Qb3 Qc7 7. Nf3 Ne7 8. Nbd2 Bg6 9. Nh4 Nf5 10. Nxf5 Bxf5 11. Nf3 Be7 12. h4 f6 13. Bf4 fxe5 14. Bxe5 Nxe5 15. Nxe5 Bd6 16. f4 Be4 17. Rg1 0-0 18. g3 c5 19. Bh3 Rae8 20. a3 c4 21. Qd1 Bxe5 22. dxe5 Qb6 23. Ke2 Qxb2+ 24. Qd2 Bd3+ 25. Ke3 Qb6+ 26. Kf3 d4 27. cxd4 Qxd4 28. Qe3 Qd5+ 29. Kf2 Rd8 30. Rgd1 b6 31. Rac1 Rf7 32. Rd2 Rfd7 33. Kg1 g6 34. h5 b5 35. h6 a5 36. Kh2 Kf7 37. Qb6 b4 38. axb4 axb4 39. Qxb4 Rb7 40. Qa3 Rb3 41. Qa6 Re8 42. Re1 Qb7 43. Qxb7+ Rxb7 44. Bf1 Bxf1 45. Rxf1 c3 46. Rc2 Rb2 47. Rff2 Reb8 48. Kh3 R8b4 49. Kg4 Rxc2 50. Rxc2 Rc4 51. Kh4 Rc7 52. Kg4 Rc8 53. Kh4 Rc4 54. Kg4 1/2-1/2

[Event "Athens Acropolis op (Women)"]
[Site "Athens"]
[Date "2005.03.06"]
[Round "1"]
[White "Sorokina, Anastasia"]
[Black "Sedina, Elena"]
[Result "0-1"]
[WhiteElo "2223"]
[BlackElo "2416"]
[PlyCount "100"]
[EventDate "2005.03.06"]
[EventType "swiss"]
[EventRounds "9"]
[EventCountry "GRE"]
[SourceTitle "CBM 105 Extra"]
[Source "ChessBase"]
[SourceDate "2005.05.01"]
[SourceVersion "1"]
[SourceVersionDate "2005.05.01"]
[SourceQuality "1"]

1. e4 e6 2. d4 d5 3. Nc3 Nf6 4. exd5 exd5 5. Bg5 Be7 6. Qd2 h6 7. Bf4 0-0 8. Bd3 Re8 9. 0-0-0 c6 10. h3 Be6 11. Re1 Nbd7 12. Nf3 b5 13. g4 b4 14. Nb1 Ne4 15. Qe2 Qa5 16. Rhg1 g5 17. Be3 Qxa2 18. h4 Nc3 19. Nxc3 bxc3 20. bxc3 Nf6 21. hxg5 Ne4 22. Bxe4 dxe4 23. Ne5 Bb3 24. Kd1 Ba3 25. Qd2 Rxe5 26. cxb3 Qxb3+ 27. Qc2 Rb5 28. Qxb3 Rxb3 29. Bd2 hxg5 30. Ke2 Rab8 31. Rg3 Rb2 32. Rd1 Bd6 33. Re3 Re8 34. Kf1 a5 35. Ree1 Bf4 36. Be3 Rc2 37. Ra1 Rxc3 38. Rxa5 f6 39. Bxf4 gxf4 40. g5 Kg7 41. d5 fxg5 42. dxc6 Kf6 43. Rd1 Re5 44. Ra6 Kf5 45. Kg2 Kg4 46. Kh2 Kf3 47. Rd2 Re6 48. Ra1 Rexc6 49. Rb2 Rc2 50. Ra3+ e3 0-1

[Event "Oceania zt (Women)"]
[Site "Auckland"]
[Date "2005.02.04"]
[Round "9"]
[White "Sorokina, Anastasia"]
[Black "Zivanovic, Andjelija"]
[Result "1-0"]
[WhiteElo "2223"]
[BlackElo "2025"]
[PlyCount "65"]
[EventDate "2005.05.31"]
[EventType "swiss"]
[EventRounds "9"]
[EventCountry "NZL"]
[SourceTitle "EXT 2007"]
[Source "ChessBase"]
[SourceDate "2006.11.23"]
[SourceVersion "1"]
[SourceVersionDate "2006.11.23"]
[SourceQuality "1"]

1. e4 c5 2. Nf3 Nc6 3. Nc3 g6 4. d4 cxd4 5. Nxd4 Bg7 6. Be3 Nf6 7. h3 0-0 8. Bc4 Na5 9. Be2 d5 10. e5 Ne4 11. Nxe4 dxe4 12. e6 f5 13. g3 Nc6 14. Nxc6 bxc6 15. Qxd8 Rxd8 16. Bc4 Bxb2 17. Rd1 Rxd1+ 18. Kxd1 Kg7 19. c3 Bxc3 20. Kc2 Be5 21. Rd1 Bd6 22. Bd4+ Kf8 23. g4 c5 24. Bc3 fxg4 25. hxg4 Bb7 26. Kd2 Rd8 27. Ke2 Bc7 28. Rd7 Rc8 29. Bf6 Bd6 30. Rxb7 exf6 31. Rf7+ Kg8 32. Rd7 Bc7 33. Rxc7 1-0

[Event "Oceania zt (Women)"]
[Site "Auckland"]
[Date "2005.02.02"]
[Round "6"]
[White "Sorokina, Anastasia"]
[Black "Oliver, Shannon"]
[Result "1-0"]
[WhiteElo "2223"]
[BlackElo "1963"]
[PlyCount "97"]
[EventDate "2005.05.31"]
[EventType "swiss"]
[EventRounds "9"]
[EventCountry "NZL"]
[SourceTitle "EXT 2007"]
[Source "ChessBase"]
[SourceDate "2006.11.23"]
[SourceVersion "1"]
[SourceVersionDate "2006.11.23"]
[SourceQuality "1"]

1. e4 c5 2. Nf3 g6 3. Nc3 Bg7 4. d4 cxd4 5. Nxd4 d6 6. h3 Nf6 7. Be3 0-0 8. Be2 Nc6 9. Nb3 Be6 10. f4 Qc8 11. 0-0 Rd8 12. Bf3 Bc4 13. Rf2 e5 14. Rd2 exf4 15. Bxf4 Ne5 16. Kh2 Re8 17. Rxd6 Nxf3+ 18. Qxf3 Nh5 19. g3 Be6 20. h4 Bg4 21. Qe3 Qc4 22. Qd3 Rac8 23. Qxc4 Rxc4 24. Nd2 Rb4 25. Nd5 Rxb2 26. Ne3 Be6 27. e5 Nxf4 28. gxf4 Rb4 29. Kg3 Bh6 30. c4 b5 31. a3 Ra4 32. Ne4 Rc8 33. Nc3 Ra5 34. Nxb5 Bxc4 35. Nd4 Bf8 36. Nxc4 Rxc4 37. Rd8 Rc3+ 38. Kf2 Rcxa3 39. Rxa3 Rxa3 40. h5 Ra2+ 41. Kf3 Ra3+ 42. Ke4 Ra1 43. h6 Re1+ 44. Kf3 Rh1 45. e6 Re1 46. Re8 a5 47. exf7+ Kxf7 48. Rxe1 Bxh6 49. Nc6 1-0